Vplyv kultúry organizácie na vybrané ekonomické ukazovatele

Salvato in:
Dettagli Bibliografici
Autore principale: Mizla, Martin, 1955-
Altri autori: Bašistová, Alena
Natura: Capitolo di libro
Lingua:slovacco
Tags: Aggiungi Tag
Nessun Tag, puoi essere il primo ad aggiungerne!!

MARC

LEADER 00000naa$a2200000$$$4500
001 0091925
005 20240502072027.4
041 0 |a slo 
044 |a SK 
245 1 0 |a Vplyv kultúry organizácie na vybrané ekonomické ukazovatele  |c Martin Mizla, Alena Bašistová 
100 1 |a Mizla, Martin, 1955- 
700 1 |a Bašistová, Alena